000 00316nam a2200121Ia 4500
008 180117s9999 xx 000 0 und d
100 _aby Beth DAy Romulo
245 _aAnother Day
260 _c2017
300 _a24 pages, 2017 January 15
440 _aPhilippine Panorama
650 _aBILL GATES' NEW ENERGY FUND
999 _c353593
_d353593